Mansion - NF - Statistics

General Stats
  • This quiz has been taken 11 times
  • The average score is 6 of 12
Answer Stats
Songs Plays Artists % Correct
Mansion 168,103,979 NF, Fleurie
100%
Intro 57,593,994 NF
78%
I'll Keep On 32,913,010 NF, Jeremiah Carlson
56%
Paralyzed 352,272,423 NF
56%
Notepad 51,030,695 NF
44%
Wait 48,160,281 NF
44%
All I Have 94,465,024 NF
33%
Can You Hold Me 118,097,548 NF, Britt Nicole
33%
Motivated 29,555,323 NF
33%
Turn the Music Up 51,346,832 NF
33%
Wake Up 85,115,767 NF
33%
Face It 26,472,562 NF
22%
No matching quizzes found
Score Distribution
Percent of People with Each Score
Percentile by Number Answered
Your Score History
You have not taken this quiz